000 00424nam a22001457a 4500
005 20260303120231.0
008 260303b |||||||| |||| 00| 0 eng d
020 _a978-9914-44-770-5
100 _aOKWACHO, FREDRICK
245 _aOXFORD BIOLOGY TODAY
260 _aNAIROBI
_bOXFORD UNIVERSITY PRESS
_c2025
300 _aIV, 203P.
650 _aBIOLOGY-TEXTBOOK-STUDY AND TEACHING (SECONDARY EDUCATION)
942 _2lcc
_cBK
999 _c216756
_d216756